[Event "Uxbridge op Major"]
[Site "Uxbridge"]
[Date "2010.03.21"]
[Round "4"]
[White "Ociepka, Dominika"]
[Black "Silverman, Michael J"]
[Result "1/2-1/2"]
[WhiteElo "1401"]
[BlackElo "1690"]
[PlyCount "102"]
[EventDate "2010.03.19"]
[EventType "swiss"]
[EventRounds "5"]
[EventCountry "ENG"]
[SourceTitle "EXT 2012"]
[Source "ChessBase"]
[SourceDate "2011.11.24"]
[SourceVersion "1"]
[SourceVersionDate "2011.11.24"]
[SourceQuality "1"]

1. e4 d5 2. exd5 Nf6 3. Nc3 Nxd5 4. d4 Nf6 5. Nf3 Bg4 6. Be2 e6 7. 0-0 Be7 8. Be3 0-0 9. h3 Bh5 10. g4 Bg6 11. Ne5 Nd5 12. Nxd5 exd5 13. f4 Be4 14. Bd3 Nd7 15. Bxe4 dxe4 16. Qe2 f6 17. Qc4+ Kh8 18. Nf7+ Rxf7 19. Qxf7 Nb6 20. Qe6 Qf8 21. b3 c6 22. Qxe4 Re8 23. Qd3 Nd5 24. Rae1 Nb4 25. Qd2 Nxa2 26. c3 Nxc3 27. Qxc3 Bb4 28. Qd3 Bxe1 29. Rxe1 Qf7 30. Qc4 Qd7 31. Kf2 h6 32. Rd1 Qe7 33. Rd3 Qe4 34. d5 Qh1 35. d6 Qh2+ 36. Ke1 Qg3+ 37. Kd2 Qg2+ 38. Kc3 b5 39. Qf7 Re4 40. b4 Rc4+ 41. Qxc4 bxc4 42. Rd4 Qe2 43. d7 Qxe3+ 44. Kxc4 Qc1+ 45. Kd3 Qd1+ 46. Ke4 Qc2+ 47. Rd3 Qc4+ 48. Ke3 Qc1+ 49. Kf3 Qf1+ 50. Ke4 Qe2+ 51. Kd4 Qb2+ 1/2-1/2

[Event "Uxbridge op Major"]
[Site "Uxbridge"]
[Date "2010.03.20"]
[Round "3"]
[White "Silverman, Michael J"]
[Black "Jones, Steven"]
[Result "0-1"]
[WhiteElo "1690"]
[BlackElo "1830"]
[PlyCount "122"]
[EventDate "2010.03.19"]
[EventType "swiss"]
[EventRounds "5"]
[EventCountry "ENG"]
[SourceTitle "EXT 2012"]
[Source "ChessBase"]
[SourceDate "2011.11.24"]
[SourceVersion "1"]
[SourceVersionDate "2011.11.24"]
[SourceQuality "1"]

1. e4 c5 2. d4 cxd4 3. c3 dxc3 4. Nxc3 g6 5. Nf3 Bg7 6. Bc4 Qc7 7. Qb3 e6 8. 0-0 Nc6 9. Bd3 a6 10. Be3 b5 11. Rac1 Nge7 12. Ne2 0-0 13. Ned4 Qb7 14. Nxc6 dxc6 15. Bc5 Re8 16. Bd4 Bd7 17. Bxg7 Kxg7 18. Qc3+ f6 19. Be2 Red8 20. Rfd1 Be8 21. b4 e5 22. Nh4 Rd7 23. Qg3 Rad8 24. Rxd7 Rxd7 25. Nf5+ Nxf5 26. exf5 Rd2 27. Bd3 Qd7 28. Bf1 Qxf5 29. a3 Qf4 30. Qxf4 exf4 31. Re1 Kf7 32. Ra1 Bd7 33. f3 g5 34. a4 Rb2 35. axb5 axb5 36. Rd1 Be6 37. Rd4 h5 38. Rd6 Rxb4 39. Rxc6 Rb1 40. Kf2 Rb2+ 41. Kg1 Ke7 42. Rc1 Kd6 43. Bd3 b4 44. Bb5 Bd5 45. Bd3 g4 46. Rd1 Kc5 47. Rc1+ Kd4 48. Rd1 Kc3 49. Bg6 Rd2 50. Rc1+ Kd4 51. Bxh5 gxf3 52. Bxf3 Bxf3 53. gxf3 Ke3 54. h4 b3 55. h5 b2 56. Rb1 Rc2 57. Re1+ Kxf3 58. Rf1+ Kg3 59. h6 Rc1 60. h7 Rxf1+ 61. Kxf1 b1Q+ 0-1